000
00496nam a2200145Ia 4500
008
151213s9999 xx 000 0 und d
100
_a
ডি. এইচ.লরেন্স।
245
_a
লেডি চাটারলীজ লাভার
_c
ডি. এইচ.লরেন্স।
260
_a
ঢাকা
_b
অনুপম।
_c
1986
300
_a
8842 p.
650
_a
Bangla
650
_a
মউপন্যাস।
700
_a
ডি. এইচ.লরেন্স।
999
_c
4627
_d
4627